[Event "Pinneberg-ch 37th"]
[Site "Pinneberg"]
[Date "2019.08.08"]
[Round "1"]
[White "Luettig, Hendrik"]
[Black "Obreht, Slobodan"]
[Result "1/2-1/2"]
[WhiteElo "1438"]
[BlackElo "1842"]
[PlyCount "88"]
[EventDate "2019.08.08"]
[EventType "swiss"]
[EventRounds "7"]
[EventCountry "GER"]
[SourceTitle "CBM 192 Extra"]
[Source "Chessbase"]
[SourceDate "2019.11.06"]
[SourceVersion "1"]
[SourceVersionDate "2019.11.06"]
[SourceQuality "1"]

1. e4 d6 2. d4 Nf6 3. Nc3 g6 4. Be3 c6 5. Nf3 b5 6. b4 Bg7 7. Qd2 h5 8. h3 a5 9. e5 dxe5 10. dxe5 Qxd2+ 11. Bxd2 Nfd7 12. Ne4 Nxe5 13. Nxe5 Bxe5 14. Bc3 Bxc3+ 15. Nxc3 axb4 16. Ne4 Be6 17. Nc5 Rxa2 18. Rxa2 Bxa2 19. Nd3 b3 20. cxb3 Bxb3 21. Nc1 Bd5 22. f3 Nd7 23. Be2 0-0 24. 0-0 Nc5 25. Re1 e6 26. Bf1 Ra8 27. Ne2 Bc4 28. Nd4 Bxf1 29. Kxf1 Ra6 30. Rc1 e5 31. Nxb5 Nb3 32. Nc7 Nxc1 33. Nxa6 Nb3 34. Ke2 f6 35. Kd3 Na5 36. Nc5 f5 37. Kc3 e4 38. fxe4 fxe4 39. Kb4 Kf7 40. Kxa5 Ke7 41. Nxe4 Ke6 42. Kb4 Ke5 43. Nf2 Kf4 44. Nh1 g5 1/2-1/2

[Event "Pinneberg-ch"]
[Site "Pinneberg"]
[Date "2018.09.20"]
[Round "6"]
[White "Sausmikat, Michael"]
[Black "Luettig, Hendrik"]
[Result "0-1"]
[WhiteElo "1648"]
[BlackElo "1442"]
[PlyCount "86"]
[EventDate "2018.08.16"]
[EventType "swiss"]
[EventRounds "7"]
[EventCountry "GER"]
[SourceTitle "EXT 2019"]
[Source "ChessBase"]
[SourceDate "2018.10.10"]
[SourceVersion "1"]
[SourceVersionDate "2018.10.10"]
[SourceQuality "1"]

1. Nf3 d5 2. d4 Nf6 3. e3 e6 4. Nbd2 Be7 5. Bd3 Nbd7 6. 0-0 c5 7. c3 c4 8. Bc2 0-0 9. Re1 b6 10. e4 dxe4 11. Nxe4 Bb7 12. Ng3 Qc7 13. Nf5 Rfe8 14. Nxe7+ Rxe7 15. Bg5 Ree8 16. Qd2 Bxf3 17. gxf3 Rac8 18. Re2 Kh8 19. Rae1 Rg8 20. Bf4 Qd8 21. Bg5 h6 22. Bh4 g5 23. Bg3 Nh5 24. Kh1 Qf6 25. Qe3 Nf4 26. Bxf4 gxf4 27. Qe4 Qg7 28. Qh7+ Qxh7 29. Bxh7 Kxh7 30. Re4 Rg6 31. Rxf4 Rf6 32. Ree4 Rxf4 33. Rxf4 Kg6 34. Kg2 Rg8 35. Kf1 f5 36. Rh4 Nf6 37. Ke2 Nd5 38. f4 Kh7 39. Kf3 a5 40. h3 b5 41. a3 b4 42. axb4 axb4 43. cxb4 Rb8 0-1

[Event "Pinneberg op Seniors 16th"]
[Site "Pinneberg"]
[Date "2015.07.31"]
[Round "5"]
[White "Luettig, Hendrik"]
[Black "Hecht, Horst"]
[Result "1-0"]
[WhiteElo "1456"]
[BlackElo "1191"]
[PlyCount "69"]
[EventDate "2015.07.02"]
[EventType "swiss"]
[EventRounds "7"]
[EventCountry "GER"]
[SourceTitle "EXT 2017"]
[Source "ChessBase"]
[SourceDate "2016.10.25"]
[SourceVersion "1"]
[SourceVersionDate "2016.10.25"]
[SourceQuality "1"]

1. c4 e5 2. Nc3 Nf6 3. e4 Bc5 4. Nf3 Nc6 5. h3 0-0 6. d3 d6 7. Bg5 h6 8. Bxf6 Qxf6 9. Nd5 Qd8 10. Rb1 Nd4 11. b4 Nxf3+ 12. Qxf3 Bd4 13. Rc1 c6 14. Ne3 Qb6 15. Nc2 Bc3+ 16. Kd1 Bxb4 17. Rb1 a5 18. a3 Qa7 19. axb4 axb4 20. Qe3 c5 21. Qc1 Qa4 22. Ra1 Bd7 23. Rxa4 Bxa4 24. Qb2 Rfb8 25. Kd2 b5 26. cxb5 Rxb5 27. Ne3 Rba5 28. Nc4 R5a6 29. Ke3 Bd1 30. Qd2 Ra1 31. Be2 Bxe2 32. Rxa1 Rxa1 33. Qxe2 b3 34. Qb2 Re1+ 35. Kd2 1-0

[Event "Pinneberg op Seniors 15th"]
[Site "Pinneberg"]
[Date "2014.??.??"]
[Round "4"]
[White "Warneke, Perygrin"]
[Black "Luettig, Hendrik"]
[Result "1/2-1/2"]
[WhiteElo "1236"]
[BlackElo "1500"]
[PlyCount "76"]
[EventDate "2014.07.03"]
[EventType "swiss"]
[EventRounds "7"]
[EventCountry "GER"]
[SourceTitle "EXT 2017"]
[Source "ChessBase"]
[SourceDate "2016.10.25"]
[SourceVersion "1"]
[SourceVersionDate "2016.10.25"]
[SourceQuality "1"]

1. d4 Nf6 2. Nf3 d5 3. c4 c6 4. Nc3 g6 5. e3 Bg7 6. Bd3 0-0 7. 0-0 Nfd7 8. cxd5 cxd5 9. Nxd5 e5 10. dxe5 Nxe5 11. Be2 Bg4 12. Nc3 Qxd1 13. Rxd1 Nxf3+ 14. Bxf3 Bxf3 15. gxf3 Nc6 16. Rb1 Rad8 17. Bd2 Ne5 18. Kg2 Rd3 19. Be1 Rfd8 20. Rxd3 Rxd3 21. Rd1 a6 22. f4 Rxd1 23. Nxd1 Nd3 24. Bc3 Bf8 25. Kf3 f5 26. Ke2 Nc1+ 27. Kd2 Nxa2 28. Kc2 Nb4+ 29. Bxb4 Bxb4 30. f3 Kf7 31. Kd3 Bd6 32. h3 Ke6 33. Nc3 b5 34. b3 h6 35. Ne2 g5 36. fxg5 hxg5 37. Nd4+ Ke5 38. Ne2 Kd5 1/2-1/2

[Event "Pinneberg-ch"]
[Site "Pinneberg"]
[Date "2013.08.22"]
[Round "3"]
[White "Luettig, Hendrik"]
[Black "Buschhaus, Ralf"]
[Result "1-0"]
[WhiteElo "1481"]
[BlackElo "1221"]
[PlyCount "72"]
[EventDate "2013.08.08"]
[EventType "swiss"]
[EventRounds "7"]
[EventCountry "GER"]
[SourceTitle "EXT 2017"]
[Source "ChessBase"]
[SourceDate "2016.10.25"]
[SourceVersion "1"]
[SourceVersionDate "2016.10.25"]
[SourceQuality "1"]

1. e4 d5 2. exd5 Nf6 3. Bb5+ Bd7 4. Bc4 b5 5. Bb3 a5 6. a3 c6 7. dxc6 Nxc6 8. Nf3 Bf5 9. 0-0 a4 10. Ba2 e6 11. d3 Nd4 12. Be3 Bc5 13. Nxd4 Bxd4 14. Bxd4 Qxd4 15. Nc3 Rb8 16. h3 0-0 17. Qc1 Qh4 18. Qe3 Rfc8 19. Rac1 Nd7 20. Ne2 Rc5 21. Qg3 Qf6 22. Nc3 e5 23. Ne4 Bxe4 24. dxe4 Kf8 25. Qg4 Rc7 26. Rfd1 Qe7 27. Rd3 h6 28. Rg3 g6 29. Rf3 Nf6 30. Qh4 Kg7 31. Re3 Rd8 32. f3 Rd2 33. Re2 Rcd7 34. Qe1 Qc5+ 35. Kh2 Rxe2 36. Qxe2 Qd6 1-0

[Event "Pinneberg-ch"]
[Site "Pinneberg"]
[Date "2012.09.27"]
[Round "7"]
[White "Metzner, Arne"]
[Black "Luettig, Hendrik"]
[Result "0-1"]
[WhiteElo "1527"]
[BlackElo "1508"]
[PlyCount "58"]
[EventDate "2012.08.16"]
[EventType "swiss"]
[EventRounds "7"]
[EventCountry "GER"]
[SourceTitle "EXT 2013"]
[Source "ChessBase"]
[SourceDate "2012.11.22"]
[SourceVersion "1"]
[SourceVersionDate "2012.11.22"]
[SourceQuality "1"]

1. e4 c5 2. Nf3 d6 3. Bc4 h6 4. a3 Nf6 5. d3 a6 6. Ba2 Nc6 7. 0-0 g6 8. h3 Bg7 9. Nc3 e6 10. Be3 0-0 11. Qd2 Kh7 12. Ne2 e5 13. Nc3 Be6 14. Nd5 Bxd5 15. exd5 Ne7 16. c4 Nf5 17. Rae1 Nxe3 18. Qxe3 Nh5 19. Nh2 f5 20. Bb1 Qg5 21. Qxg5 hxg5 22. b3 Nf6 23. Nf3 Bh6 24. Bc2 g4 25. hxg4 Nxg4 26. Nh2 Nf6 27. f3 Bf4 28. Kh1 Kg7 29. Rg1 Bg3 0-1

[Event "Pinneberg-ch"]
[Site "Pinneberg"]
[Date "2012.08.30"]
[Round "3"]
[White "Zimmermann, Manfred"]
[Black "Luettig, Hendrik"]
[Result "1-0"]
[WhiteElo "1799"]
[BlackElo "1508"]
[PlyCount "55"]
[EventDate "2012.08.16"]
[EventType "swiss"]
[EventRounds "7"]
[EventCountry "GER"]
[SourceTitle "EXT 2013"]
[Source "ChessBase"]
[SourceDate "2012.11.22"]
[SourceVersion "1"]
[SourceVersionDate "2012.11.22"]
[SourceQuality "1"]

1. e4 c5 2. Nf3 d6 3. d4 cxd4 4. Nxd4 g6 5. Bc4 Nf6 6. f3 Bg7 7. Bb3 0-0 8. Be3 Nbd7 9. 0-0 Nc5 10. Nc3 a6 11. Nde2 Nxb3 12. axb3 Bd7 13. Ng3 b5 14. Qc1 Qc7 15. Kh1 Bc6 16. Bh6 b4 17. Bxg7 Kxg7 18. Nd1 d5 19. exd5 Bxd5 20. Ne3 Be6 21. Qd2 a5 22. f4 Bd7 23. f5 Bb5 24. fxg6 hxg6 25. Nef5+ Kg8 26. Qh6 Ne8 27. Rf4 Qxf4 28. Nxe7# 1-0

[Event "Pinneberg-ch"]
[Site "Pinneberg"]
[Date "2012.08.16"]
[Round "1"]
[White "Koch, Soeren"]
[Black "Luettig, Hendrik"]
[Result "1/2-1/2"]
[WhiteElo "1962"]
[BlackElo "1508"]
[PlyCount "50"]
[EventDate "2012.08.16"]
[EventType "swiss"]
[EventRounds "7"]
[EventCountry "GER"]
[SourceTitle "EXT 2013"]
[Source "ChessBase"]
[SourceDate "2012.11.22"]
[SourceVersion "1"]
[SourceVersionDate "2012.11.22"]
[SourceQuality "1"]

1. e4 e5 2. Nf3 Nc6 3. Bb5 d6 4. d4 exd4 5. Nxd4 Bd7 6. Bxc6 bxc6 7. Nc3 g6 8. 0-0 Bg7 9. Re1 Ne7 10. Bf4 f6 11. Qd3 c5 12. Nb3 0-0 13. Rad1 Kh8 14. Nxc5 Bc8 15. Qc4 Qe8 16. Ne6 Qf7 17. Qxc7 Bxe6 18. Bxd6 Ng8 19. Qxf7 Rxf7 20. Nd5 Rc8 21. c3 Rd7 22. Bb4 f5 23. Nf4 Rxd1 24. Rxd1 Bxa2 25. exf5 gxf5 1/2-1/2

[Event "Pinneberg-ch"]
[Site "Pinneberg"]
[Date "2011.08.25"]
[Round "2"]
[White "Luettig, Hendrik"]
[Black "Kurzynsky, Mirko"]
[Result "0-1"]
[WhiteElo "1515"]
[BlackElo "1991"]
[PlyCount "66"]
[EventDate "2011.08.18"]
[EventType "swiss"]
[EventRounds "7"]
[EventCountry "GER"]
[SourceTitle "CBM 144 Extra"]
[Source "ChessBase"]
[SourceDate "2011.10.28"]
[SourceVersion "1"]
[SourceVersionDate "2011.10.28"]
[SourceQuality "1"]

1. c4 e5 2. e4 Nf6 3. Nc3 Bc5 4. h3 0-0 5. Nf3 Re8 6. d3 h6 7. Be2 c6 8. 0-0 d5 9. a3 a5 10. Qc2 Na6 11. Bd2 b6 12. Na4 Bf8 13. Nc3 Bb7 14. Rad1 Nc7 15. Bc1 Ne6 16. d4 exd4 17. Nxd4 Nxd4 18. Rxd4 Bc5 19. Rdd1 Nxe4 20. Nxe4 Rxe4 21. cxd5 cxd5 22. Bd3 Re8 23. Bb5 Re6 24. Qd3 Qf6 25. Bd7 Re4 26. Bb5 Rc8 27. Qg3 Bd6 28. Qd3 Qe5 29. g3 Bc5 30. Qf3 Qe7 31. Bd3 Re6 32. Bf5 Rf6 33. Qd3 Re8 0-1

[Event "Pinneberg op Seniors 12th"]
[Site "Pinneberg"]
[Date "2011.07.21"]
[Round "6"]
[White "Dangelowski, Peter"]
[Black "Luettig, Hendrik"]
[Result "1/2-1/2"]
[WhiteElo "1683"]
[BlackElo "1531"]
[PlyCount "34"]
[EventDate "2011.06.16"]
[EventType "swiss"]
[EventRounds "7"]
[EventCountry "GER"]
[SourceTitle "EXT 2012"]
[Source "ChessBase"]
[SourceDate "2011.11.24"]
[SourceVersion "1"]
[SourceVersionDate "2011.11.24"]
[SourceQuality "1"]

1. d4 Nf6 2. Bf4 d5 3. e3 Nc6 4. h3 Bf5 5. c3 a6 6. Nf3 h6 7. Bd3 Bxd3 8. Qxd3 e6 9. Nbd2 b5 10. a3 Bd6 11. Bxd6 cxd6 12. e4 0-0 13. 0-0 Na5 14. exd5 exd5 15. Rfe1 Re8 16. Rxe8+ Qxe8 17. Re1 Qd7 1/2-1/2

[Event "Pinneberg-ch"]
[Site "Pinneberg"]
[Date "2010.10.07"]
[Round "7"]
[White "Luettig, Hendrik"]
[Black "Joppe, Gerd"]
[Result "0-1"]
[WhiteElo "1453"]
[BlackElo "1744"]
[PlyCount "82"]
[EventDate "2010.08.26"]
[EventType "swiss"]
[EventRounds "7"]
[EventCountry "GER"]
[SourceTitle "EXT 2011"]
[Source "ChessBase"]
[SourceDate "2010.11.26"]
[SourceVersion "1"]
[SourceVersionDate "2010.11.26"]
[SourceQuality "1"]

1. c4 Nf6 2. Nc3 e6 3. e4 d5 4. cxd5 exd5 5. e5 Nfd7 6. d4 Nb6 7. h3 Bf5 8. Nf3 Be7 9. Be3 N8d7 10. Bd3 Bxd3 11. Qxd3 0-0 12. 0-0 c6 13. Ne2 Rc8 14. Ng3 Nc4 15. Bc1 Re8 16. b3 Na3 17. Nf5 Nb5 18. a4 Nc7 19. Nxe7+ Qxe7 20. Bg5 Qb4 21. Bd2 Qe7 22. Bg5 Qe6 23. Nh4 c5 24. Qf5 cxd4 25. Qxe6 Nxe6 26. Bd2 Nxe5 27. Nf5 Rc6 28. Bb4 Ng6 29. Nd6 Rb8 30. Ba3 Ngf4 31. Nf5 Kh8 32. Kh2 Rc2 33. Rad1 Ne2 34. Nd6 f6 35. Nf5 b5 36. axb5 g6 37. Ne7 Nc3 38. Rd3 Rxb5 39. b4 Rb7 40. Nc6 Nb5 41. Bc1 Rxc6 0-1